000 00664nam a22002177a 4500
003 OSt
005 20220107122820.0
008 160830b xxu||||| |||| 00| 0 eng d
020 _a9780231175449
040 _cIIITMK
082 _a658.406 ROG/D
100 _aRogers, David L.
_910544
245 _aThe digital transformation playbook:
_bRethink your business for the digital age
_cDavid L. Rogers
260 _aNew York,
_bColumbia University Press,
_c2016.
300 _axi, 278p.
650 _aMANAGEMENT
_910545
650 _aEXECUTIVE MANAGEMENT
_910546
650 _aMANGING CHANGE
_910547
650 _aTECHNOLOGICAL INNOVATIONS
_910548
942 _2ddc
_cBK
999 _c5360
_d5360